| Tag |
First Indicator |
Second Indicator |
Subfields |
| LEADER |
00000cam a2200000 4500 |
| 001 |
in00000191069 |
| 005 |
20151009052059.0 |
| 008 |
720224s1965 nyu b 00000 eng d |
| 010 |
|
|
|a 65016236
|
| 035 |
|
|
|a (OCoLC)00249234
|
| 035 |
|
|
|9 AAV9016AM
|
| 040 |
|
|
|c BGU
|d TXA
|d UtOrBLW
|
| 049 |
|
|
|a TXAM
|v 1 [704724]
|v 2 [704725]
|v 3 [704726]
|
| 090 |
|
|
|a N6505
|b .D9 1965
|
| 100 |
1 |
|
|a Dunlap, William,
|d 1766-1839.
|
| 245 |
1 |
0 |
|a History of the rise and progress of the arts of design in the United States /
|c Introd. by William P. Campbell. Newly edited by Alexander Wyckoff, incorporating the notes and additions compiled by Frank W. Bayley and Charles Goodspeed.
|
| 250 |
|
|
|a [New ed., rev. and enl.
|
| 264 |
|
1 |
|a New York] :
|b B. Blom,
|c [1965]
|
| 264 |
|
4 |
|c [©1965]
|
| 300 |
|
|
|a 3 volumes
|
| 336 |
|
|
|a text
|b txt
|2 rdacontent
|
| 337 |
|
|
|a unmediated
|b n
|2 rdamedia
|
| 338 |
|
|
|a volume
|b nc
|2 rdacarrier
|
| 500 |
|
|
|a Running title: History of the arts of design.
|
| 504 |
|
|
|a Bibliography: volume 3, pages 346-377B.
|
| 650 |
|
0 |
|a Artists
|z United States.
|
| 650 |
|
0 |
|a Art, American
|x History.
|
| 700 |
1 |
|
|a Wyckoff, Alexander.
|
| 740 |
0 |
|
|a History of the arts of design.
|
| 740 |
4 |
|
|a The arts of design.
|
| 999 |
|
|
|a MARS
|
| 999 |
f |
f |
|s f02260a8-9e3e-3d11-9161-c115858a1863
|i 6557407c-9824-3531-af98-69928d052bd5
|t 0
|
| 952 |
f |
f |
|p normal
|a Texas A&M University
|b College Station
|c Sterling C. Evans Library
|d Evans: Library Stacks
|t 0
|e N6505 .D9 1965
|h Library of Congress classification
|i unmediated -- volume
|k v.1
|m A14803389735
|
| 952 |
f |
f |
|p normal
|a Texas A&M University
|b College Station
|c Sterling C. Evans Library
|d Evans: Library Stacks
|t 0
|e N6505 .D9 1965
|h Library of Congress classification
|i unmediated -- volume
|k v.2
|m A14803389743
|
| 952 |
f |
f |
|p normal
|a Texas A&M University
|b College Station
|c Sterling C. Evans Library
|d Evans: Library Stacks
|t 0
|e N6505 .D9 1965
|h Library of Congress classification
|i unmediated -- volume
|k v.3
|m A14803389751
|
| 998 |
f |
f |
|a N6505 .D9 1965
|s v.1-v.3
|t 0
|l Evans: Library Stacks
|